Hacking bez tajemství

Gespeichert in:
Bibliographische Detailangaben
1. Verfasser: Scambray, Joel
Weitere Verfasser: McClure, Stuart, Kurtz, George, Břehovský, Petr
Format: Buch
Sprache:Tschechisch
Veröffentlicht: Praha Computer Press 2001
Schlagworte:
Tags: Tag hinzufügen
Keine Tags, Fügen Sie das erste Tag hinzu!

MARC

LEADER 00000nam a2200000 4500
001 0146032
005 20221129100948.5
020 |a 80-7226-549-0 
041 0 |a cze 
044 |a CZ 
245 1 0 |a Hacking bez tajemství  |c Joel Scambray, Stuart McClure, George Kurtz ; překlad: Petr Břehovský ... [et al.] 
264 1 |a Praha  |b Computer Press  |c 2001 
300 |a 592 s. 
610 2 0 |a internet 
610 2 0 |a bezpečnosť elektronická 
610 2 0 |a siete počítačové 
610 2 0 |a kriminalita 
610 2 0 |a hekerstvo 
100 1 |a Scambray, Joel 
700 1 |a McClure, Stuart 
700 1 |a Kurtz, George 
700 1 |a Břehovský, Petr